Stations du Bus 393 (RATP) - Statistiques

Statistiques générales
  • Ce quiz a été pris 63 fois
  • Le résultat moyen est 13 sur 20
Statistiques - réponses
Ville Nom de la Station % Correct
Créteil Pompadour
95%
Thiais Carrefour de la Résistance
84%
Choisy-le-Roi Rouget de Lisle
84%
Choisy-le-Roi Choisy-le-Roi RER
82%
Choisy-Le-Roi Parc Interdépartemental des Sports
80%
Créteil Pointe du Lac
77%
Sucy-En-Brie Sucy-Bonneuil RER
75%
Choisy-le-Roi Pasteur
70%
Choisy-le-Roi René Panhard
70%
Thiais Georges Halgoult
68%
Créteil Basse Quinte
61%
Choisy-Le-Roi Marcellin Bertheloelot
61%
Créteil Europarc
59%
Valenton Val Pompadour
57%
Thiais Victor Basch
57%
Créteil Faculté des Sports
50%
Bonneuil-Sur-Marne Petits Carreaux
48%
Bonneuil-Sur-Marne Stade de Bonneuil
45%
Bonneuil-Sur-Marne Messidor - Libertés
41%
Bonneuil-Sur-Marne Rhin et Danube
36%
Aucun quiz correspondant
Distribution des résultats
% des personnes avec chaque résultat
Percentile par nombre de réponses
Votre historique - résultats
Vous n’avez pas pris ce quiz